Greek philosophy
Uloženo v:
| Hlavní autor: | |
|---|---|
| Médium: | Kniha |
| Jazyk: | angličtina |
| Vydáno: |
Londres
Macmillan
1914
|
| Témata: | |
| Tagy: |
Přidat tag
Žádné tagy, Buďte první, kdo vytvoří štítek k tomuto záznamu!
|
MARC
| LEADER | 00000nam a2200000 a 4500 | ||
|---|---|---|---|
| 001 | UCZ3891 | ||
| 003 | CL-VaPUC | ||
| 008 | 951027e19140000UK |||||||||||||||||eng|d | ||
| 082 | 0 | 4 | |a 182 |b BUR |2 21 |
| 100 | 0 | |a Burnet, John |e author |9 347745 | |
| 245 | 1 | 0 | |a Greek philosophy |
| 300 | |a 292 p | ||
| 942 | |c BK | ||
| 945 | |d 19951027 00:00:00 |a lriquelm | ||
| 260 | |a Londres |b Macmillan |c 1914 | ||
| 600 | 0 | 7 | |a PITAGORAS |2 CL-VaPUC |9 347746 |
| 600 | 0 | |a HERACLITO |9 848988 | |
| 600 | 0 | |a Parménides |d ca. 515 A.C.-ca. 470 A.C. |9 870085 | |
| 600 | 0 | |a Sócrates |9 266368 | |
| 600 | 0 | 7 | |a DEMOCRITO |2 CL-VaPUC |9 335167 |
| 600 | 0 | 7 | |a PLATON |2 CL-VaPUC |9 222 |
| 650 | 0 | |a Filosofía griega |9 265579 | |
| 650 | 0 | |a Escuelas filosóficas |9 266232 | |
| 583 | |a last modification |c 19951027 00:00:00 |k Rodrigo Vera | ||
| 999 | |c 240336 |d 240334 | ||
| 952 | |0 0 |1 0 |4 0 |6 182_000000000000000_BUR_1914 |7 0 |8 P |9 252174 |a BIBEDU |b BIBEDU |c BIBEDU_PB |d 2019-11-18 |i 1591517 |o 182 BUR 1914 |p 1591517 |r 2024-01-25 |w 2019-11-18 |y BK |k FIL | ||